<?xml version='1.0' encoding='UTF-8'?><?xml-stylesheet href='static/style.xsl' type='text/xsl'?><OAI-PMH xmlns="http://www.openarchives.org/OAI/2.0/" xmlns:xsi="http://www.w3.org/2001/XMLSchema-instance" xsi:schemaLocation="http://www.openarchives.org/OAI/2.0/ http://www.openarchives.org/OAI/2.0/OAI-PMH.xsd"><responseDate>2026-04-30T16:00:25Z</responseDate><request verb="GetRecord" identifier="oai:ebiltegia.mondragon.edu:20.500.11984/13963" metadataPrefix="marc">https://ebiltegia.mondragon.edu/oai/request</request><GetRecord><record><header><identifier>oai:ebiltegia.mondragon.edu:20.500.11984/13963</identifier><datestamp>2026-01-29T08:37:48Z</datestamp><setSpec>com_20.500.11984_473</setSpec><setSpec>col_20.500.11984_476</setSpec></header><metadata><record xmlns="http://www.loc.gov/MARC21/slim" xmlns:dcterms="http://purl.org/dc/terms/" xmlns:xsi="http://www.w3.org/2001/XMLSchema-instance" xmlns:doc="http://www.lyncode.com/xoai" xsi:schemaLocation="http://www.loc.gov/MARC21/slim http://www.loc.gov/standards/marcxml/schema/MARC21slim.xsd">
   <leader>00925njm 22002777a 4500</leader>
   <datafield ind2=" " ind1=" " tag="042">
      <subfield code="a">dc</subfield>
   </datafield>
   <datafield ind2=" " ind1=" " tag="720">
      <subfield code="a">Arroyo-Sagasta, Amaia</subfield>
      <subfield code="e">author</subfield>
   </datafield>
   <datafield ind2=" " ind1=" " tag="720">
      <subfield code="a">Antón, Eneko</subfield>
      <subfield code="e">author</subfield>
   </datafield>
   <datafield ind2=" " ind1=" " tag="720">
      <subfield code="a">Zuberogoitia, Aitor</subfield>
      <subfield code="e">author</subfield>
   </datafield>
   <datafield ind2=" " ind1=" " tag="720">
      <subfield code="a">Egaña, Txema</subfield>
      <subfield code="e">author</subfield>
   </datafield>
   <datafield ind2=" " ind1=" " tag="260">
      <subfield code="c">2025-09</subfield>
   </datafield>
   <datafield ind2=" " ind1=" " tag="520">
      <subfield code="a">Este estudio investiga las percepciones del alumnado universitario de primer curso sobre la Inteligencia Artificial (IA) en la Facultad  de  Humanidades  y  Ciencias  de  la  Educación  de  Mondragon  Unibertsitatea  para  lo  que  se  utilizó  el  cuestionario "Perceptions of European Citizens -PAICE-" como herramienta para evaluar el conocimiento, las actitudes y la confianza del alumnado hacia las tecnologías de IA. La muestra del estudio abarca estudiantes del primer curso de los grados de Educación Infantil, Educación Primaria, Humanidades Digitales Globales y Comunicación Audiovisual. Los resultados revelaron que la mayoría  de  participantes  declara  una  comprensión  intermedia  (39,62%)  o  básica  (28,93%)  de  la  IA  y  sus  implicaciones sociales.  En  cuanto  a  las  actitudes  hacia  la  IA,  los  hallazgos  mostraron  una  respuesta  mixta:  una  parte  significativa  del alumnado (40,37%) expresó su aprobación de la IA y sus aplicaciones, lo que indica una perspectiva generalmente positiva; sin  embargo,  un  porcentaje  mayor  (45,34%)  mantuvo  una  postura  neutral,  lo  que  sugiere  cierto  grado  de  incertidumbre  o ambivalencia.</subfield>
   </datafield>
   <datafield ind2=" " ind1=" " tag="520">
      <subfield code="a">This  study  investigates  the  perceptions  of  first-year  university  students  about  Artificial  Intelligence  (AI)  at  the  Faculty  of Humanities and Educational Sciences of Mondragon Unibertsitatea. The questionnaire ‘Perceptions of European Citizens -PAICE-’ wasused  as  a  tool  to  assess  students'  knowledge,  attitudes  and  confidence  towards  AI  technologies.  The  study sample comprises first year students from the bachelor’s degrees of Early Childhood Education, Primary Education, Global Digital Humanities and Audiovisual Communication. The data revealed that the majority of participants report an intermediate (39.62%) or basic (28.93%) understanding of AI and its social implications. Regarding attitudes towards AI, the results showed a mixed response. 40.37% of the students expressed their approval of AI and its applications, indicating a generally positive outlook.  However,  a  higher  percentage  (45.34%)  maintained  a  neutral  stance,  suggesting  a  degree  of  uncertainty  or ambivalence.</subfield>
   </datafield>
   <datafield ind1="8" ind2=" " tag="024">
      <subfield code="a">2171-7966</subfield>
   </datafield>
   <datafield ind1="8" ind2=" " tag="024">
      <subfield code="a">https://katalogoa.mondragon.edu/janium-bin/janium_login_opac.pl?find&amp;ficha_no=190849</subfield>
   </datafield>
   <datafield ind1="8" ind2=" " tag="024">
      <subfield code="a">https://hdl.handle.net/20.500.11984/13963</subfield>
   </datafield>
   <datafield tag="653" ind2=" " ind1=" ">
      <subfield code="a">Inteligencia Artificial</subfield>
   </datafield>
   <datafield tag="653" ind2=" " ind1=" ">
      <subfield code="a">Percepción</subfield>
   </datafield>
   <datafield tag="653" ind2=" " ind1=" ">
      <subfield code="a">Estudiantes</subfield>
   </datafield>
   <datafield tag="653" ind2=" " ind1=" ">
      <subfield code="a">Universidad</subfield>
   </datafield>
   <datafield tag="653" ind2=" " ind1=" ">
      <subfield code="a">Alfabetización</subfield>
   </datafield>
   <datafield tag="653" ind2=" " ind1=" ">
      <subfield code="a">Artificial Intelligence</subfield>
   </datafield>
   <datafield tag="653" ind2=" " ind1=" ">
      <subfield code="a">Perception</subfield>
   </datafield>
   <datafield tag="653" ind2=" " ind1=" ">
      <subfield code="a">Students</subfield>
   </datafield>
   <datafield tag="653" ind2=" " ind1=" ">
      <subfield code="a">University</subfield>
   </datafield>
   <datafield tag="653" ind2=" " ind1=" ">
      <subfield code="a">Literacy</subfield>
   </datafield>
   <datafield ind2="0" ind1="0" tag="245">
      <subfield code="a">Percepciones del alumnado universitario de primer curso hacia la inteligencia artificial: conciencia, actitud y confianza</subfield>
   </datafield>
</record></metadata></record></GetRecord></OAI-PMH>